000 01024nam a2200229Ia 4500
001 888.8-COL gi sa (17421)
003 IT-MiSPE
008 171229s9999||||xx |||||||||||||| ||und||
040 _aIT-MiSPE
_cIT-MiSPE
041 _aITALIANO
100 _aGiorgio Colli
245 0 _aLa sapienza greca
_bI. Dioniso, Apollo, Eleusi, Orfeo, Museo, Iperborei, Enigma
250 _a1a ed. (v)
260 _aMilano
_bAdelphi
_c1990
300 _a469 p. [3 v.]
_c20 cm
490 _aAdelphi
_v14
501 _aEdizioni San Paolo srl - Piazza Soncino, 5 - 20092 CINISELLO BALSAMO (MI) (non commercial uses only) ® Copyright 2018
520 _aEd. bilingue
942 _cBK
957 _71
999 _a3805
_bNO
_g Copie: 1
_c355169
_d355169